Griechen und Perser : Die Mittelmeerwelt im Altertum I

Saved in:
Bibliographic Details
Other Authors: Bengtson, Hermann
Format: Book
Language:German
Published: Frankfurt : Fischer Taschenbuch, 1965
Subjects:
Tags: Add Tag
No Tags, Be the first to tag this record!

MARC

LEADER 00000nam a2200000 i 4500
001 1/79561
008 980211s1965 ger d
020 |a 3-596-60005-7 
035 |a 1997  |b 3  |c Αγορά/Φιοραβάντες  |l 10033208 
040 |a GR-MY-UA  |b gre  |e aacr 
041 0 |a ger 
082 0 |a 938.1 
245 1 0 |a Griechen und Perser :  |b Die Mittelmeerwelt im Altertum I /  |c Herausgegeben von Hermann Bengtson 
260 |a Frankfurt :   |b Fischer Taschenbuch,   |c 1965 
300 |a 423 p. 
650 0 0 |a History, Ancient. 
700 1 |a Bengtson, Hermann. 
852 |a INST  |b RHODES  |e 19980211  |h 938.1 CRI  |p 005400011315  |q 005400011315  |t BK  |y 0 
901 |a BIBL-1998-1 
909 |a Ρ  |b 052355  |c 1997